Homophones of three or more words - Statistics

General Stats
  • This quiz has been taken 111 times
  • The average score is 36 of 129
Answer Stats
Answer % Correct
do
95%
oar
87%
or
85%
by
81%
write
80%
doe
79%
right
77%
bye
76%
ewe
73%
ore
71%
dough
69%
bel
68%
buy
67%
to
67%
two
66%
you
66%
too
64%
bell
63%
whale
59%
rite
56%
paws
55%
we
55%
wail
54%
vein
53%
so
52%
vain
52%
vane
52%
pause
51%
te
49%
whey
49%
sow
48%
belle
47%
four
47%
for
46%
fore
46%
sew
46%
whee
46%
wee
45%
tea
43%
way
43%
weigh
43%
reign
40%
tee
40%
wright
40%
rain
39%
flu
38%
rein
38%
wale
38%
yew
36%
rue
35%
flew
34%
toad
34%
flue
31%
towed
29%
roo
26%
toed
24%
sear
21%
holy
20%
seer
20%
doh
19%
holey
16%
wholly
16%
their
15%
there
15%
they're
15%
queue
14%
your
14%
awe
13%
pair
13%
pear
13%
sees
13%
bite
12%
cue
12%
pare
12%
pores
12%
saw
12%
wear
12%
you're
12%
pours
11%
seas
11%
seize
11%
ware
11%
where
11%
heal
10%
heel
10%
meat
10%
meet
10%
yore
10%
bight
9%
peak
9%
peek
9%
raise
9%
byte
8%
pallet
8%
sere
8%
he'll
7%
praise
7%
rays
7%
raze
7%
taught
7%
taut
7%
mete
6%
palette
6%
pique
6%
prays
6%
preys
6%
roux
6%
sore
6%
weal
6%
wheel
6%
pattern
5%
peke
5%
we'll
5%
palate
4%
patten
4%
braise
3%
brays
3%
paten
3%
tort
3%
yaw
3%
braze
2%
censer
2%
censor
2%
kyu
2%
sensor
2%
soar
2%
miner
1%
minor
1%
mynah
1%
No matching quizzes found
Score Distribution
Percent of People with Each Score
Percentile by Number Answered
Your Score History
You have not taken this quiz